Personnalités au hasard #65 - Statistiques

Statistiques générales
  • Ce quiz a été pris 156 fois
  • Le résultat moyen est 9 sur 32
Statistiques - réponses
Par images Réponse % Correct
Morgan Freeman
78%
Vincent Cassel
77%
Prince
65%
XXXTentacion
61%
MHD
52%
Kalash Criminel
51%
Soso Maness
49%
Lambert Wilson
44%
Pierce Brosnan
40%
George Lucas
39%
Tyson Fury
39%
Fary
38%
Sadek
34%
Rohff
33%
Kevin Costner
27%
Colin Firth
21%
Fadily Camara
20%
Feuneu
20%
Rossy de Palma
20%
Ian McKellen
19%
Igor Gotesman
18%
Julianne Moore
17%
Philippine Leroy-Beaulieu
15%
Hans Zimmer
13%
Niels Schneider
13%
Patrick Stewart
11%
J. R. R. Tolkien
9%
George Ezra
5%
Paul Kagame
5%
André Citroën
4%
Cyril Ramaphosa
2%
Stormy Daniels
2%
Aucun quiz correspondant
Distribution des résultats
% des personnes avec chaque résultat
Percentile par nombre de réponses
Votre historique - résultats
Vous n’avez pas pris ce quiz